01769nam a2200169 4500999001900000008004100019100002600060245011300086260000900199300001500208520118800223650002201411773002501433906002101458942001201479952010801491 c510280d510280190809b ||||| |||| 00| 0 eng d aGalster, George98018 aWhy shrinking cities are not mirror images of growing cities: a research agenda of six testable propositions c2019 ap.355-372. aI advance six propositions regarding the features of urban decline processes that distinguish them from those in growing cities. First, they are demographically selective, as population losses are disproportionately comprised of more advantaged households. Second, they are dynamically nonlinear, as population changes exceed thresholds where socially problematic behaviors and residential disinvestment jump sharply. Third, they are asymmetrically scalable for technological, financial, physical, and political reasons. Fourth, they are minimally controlled by traditional land-use policies of zoning and building permits. Fifth, they are informally decentralized, as individuals and groups supplement the atrophied local public sector with “do it yourself” activities. Sixth, they are psychologically conservative, as residents try to conserve threatened physical, social, and psychological resources. The article synthesizes extant theory and evidence from multiple disciplines, although ultimately the propositions are advanced as working hypotheses commanding varying degrees of support, which collectively comprise a research agenda for further investigation. - Reproduced. aUrban areas98019 aUrban Affairs Review aCities and towns 2ddccAR 00102ddc40709384220aIIPAbIIPAd2019-08-09h55(1), Jan, 2019: p.355-372.pAR119913r2019-08-09yAR